Divyangata ka parichya (Record no. 393814)

MARC details
000 -LEADER
fixed length control field 00471 a2200181 4500
005 - DATE & TIME
control field 20260106110845.0
008 - FIXED-LENGTH DATA ELEMENTS--GENERAL INFORMATION
fixed length control field 260106b |||||||| |||| 00| 0 eng d
020 ## - ISBN
International Standard Book Number 9789389484151
Price Rs. 450.00
040 ## - CATALOGING SOURCE
Original cataloging agency VIVEKANANDA LIBRARY
082 ## - DDC NUMBER
Classification number 362.4
Book Number M412D
100 ## - MAIN ENTRY--PERSONAL NAME
Personal name Mataniya, Aradhana
245 ## - TITLE STATEMENT
Title Divyangata ka parichya
260 ## - PUBLICATION, DISTRIBUTION, ETC. (IMPRINT)
Name of publisher, distributor, etc Kanishka Publisher, Distributors
Date of publication, distribution, etc 2025
Place of publication, distribution, etc New Delhi
300 ## - PHYSICAL DESCRIPTION
Pages 118
650 ## - Subject
Subject Disabilities
650 ## - Subject
Subject Social Problem
942 ## - ADDED ENTRY ELEMENTS (KOHA)
Koha item type Books
Holdings
Withdrawn status Lost status Source of classification or shelving scheme Damaged status Not for loan Location (home branch) Sublocation or collection (holding branch) Shelving location Date acquired Koha issues (times borrowed) Koha full call number Accession No. Koha date last seen Koha item type
    Dewey Decimal Classification     VIVEKANANDA LIBRARY VIVEKANANDA LIBRARY Centre for Disability Studies 15/12/2025   362.4 M412D 443320 15/12/2025 Books
    Dewey Decimal Classification     VIVEKANANDA LIBRARY VIVEKANANDA LIBRARY Centre for Disability Studies 15/12/2025   362.4 M412D 443317 15/12/2025 Books
    Dewey Decimal Classification     VIVEKANANDA LIBRARY VIVEKANANDA LIBRARY Centre for Disability Studies 15/12/2025   362.4 M412D 443319 15/12/2025 Books
    Dewey Decimal Classification     VIVEKANANDA LIBRARY VIVEKANANDA LIBRARY Centre for Disability Studies 15/12/2025   362.4 M412D 443318 15/12/2025 Books
    Dewey Decimal Classification     VIVEKANANDA LIBRARY VIVEKANANDA LIBRARY Centre for Disability Studies 15/12/2025   362.4 M412D 443316 15/12/2025 Books
© Designed and Maintained by Vivekananda Library, MDU Rohtak